Until Christ Be Formed in You. (Record n. 37726)

Dettagli MARC
000 -LEADER
fixed length control field 01001nam a22001817a 4500
003 - CONTROL NUMBER IDENTIFIER
control field IT-RoPau
005 - DATE AND TIME OF LATEST TRANSACTION
control field 20220918175937.0
008 - FIXED-LENGTH DATA ELEMENTS--GENERAL INFORMATION
fixed length control field 130109b xxu||||| |||| 00| 0 eng d
040 ## - CATALOGING SOURCE
Transcribing agency IT-RoPau
100 ## - MAIN ENTRY--PERSONAL NAME
Personal name Alberione [James] Giacomo
Fuller form of name Fondatore Famiglia Paolina
9 (RLIN) 131
245 ## - TITLE STATEMENT
Title Until Christ Be Formed in You.
Remainder of title Donec Formetur Christus in Vobis by REV. James Alberione, S.S.P., S.T.D. Translated by The Daughters of St. Paul
250 ## - EDITION STATEMENT
Edition statement I
260 ## - PUBLICATION, DISTRIBUTION, ETC. (IMPRINT)
Place of publication, distribution, etc. Boston
Name of publisher, distributor, etc. FSP
Date of publication, distribution, etc. 1983
300 ## - PHYSICAL DESCRIPTION
Extent 98 p.
Dimensions 18 cm
490 ## - SERIES STATEMENT
Series statement St. Paul Edition
Volume/sequential designation I
520 ## - SUMMARY, ETC.
Summary, etc. CONTENTS<br/><br/> PREAMBLE<br/> <br/> THE PURGATIVE WAY<br/><br/> THE ILLUMINATIVE WAY<br/> <br/> THE UNITIVE WAY<br/><br/> MEANS OF GRACE<br/><br/> APOSTOLATE OF THE PRESS<br/><br/> USEFUL CONCEPTS<br/>
942 ## - ADDED ENTRY ELEMENTS (KOHA)
Source of classification or shelving scheme Dewey Decimal Classification
Koha item type LIBRO
Dati di copia
Withdrawn status Lost status Source of classification or shelving scheme Damaged status Not for loan Home library Current library Date acquired Total Checkouts Full call number Date last seen Price effective from Koha item type
    Dewey Decimal Classification Buone Condizioni Not For Loan PAULUS-BIBLIOTECA PAULUS-BIBLIOTECA 09/01/2013   P A8 09/01/2013 09/01/2013 LIBRO
CREDITS: SOCIETA' SAN PAOLO Via A.Severo, 58 - ROMA (RM) & PERIODICI SAN PAOLO SRL Via Giotto, 36 MILANO & CISF Via Giotto, 36 MILANO & EDIZIONI SAN PAOLO SRL,  Piazza Soncino, 5 CINISELLO BALSAMO (MI) -- ITALY